Šaľa sa predstavuje-
| Main Author: | |
|---|---|
| Other Authors: | |
| Format: | Book |
| Language: | Slovak English Hungarian |
| PhysicalDescription: | 27 s. fotogr., plány 15 x 21 cm |
| Published: |
Šaľa
Mesto Šaľa
2016
|
| Subjects: |
MARC
| LEADER | 00000nam a2200000 a 4500 | ||
|---|---|---|---|
| 001 | vtls011614883 | ||
| 003 | SK-MaSNL | ||
| 005 | 20260302052813.0 | ||
| 008 | 240313s2016 xo oe g 000 0 slo | ||
| 015 | |a SNBE2017 | ||
| 020 | |q (brož.) | ||
| 040 | |a SNK |b slo |c SNK |e AACR2 | ||
| 041 | 0 | |a slo |a eng |a hun | |
| 043 | |a e-xo--- | ||
| 044 | |a xo |c SK | ||
| 072 | 7 | |a 913(437) |x Geografia Česka a Slovenska, reálie, cestovanie |2 konspekt | |
| 080 | |a 908(437.6) |2 2011 | ||
| 080 | |a (036) |2 2011 | ||
| 080 | |a (041) |2 2011 | ||
| 100 | 1 | |a Vargová, Eliška |4 aut |9 350812 | |
| 245 | 1 | 0 | |a Šaľa sa predstavuje- |c [autor: Eliška Vargová a kolektív ; foto: Juraj Kovács ... [et al.]] |
| 246 | 3 | 1 | |a Šaľa is introducing itself- |
| 246 | 3 | 1 | |a Šaľa bemutatkozik- |
| 260 | |a Šaľa |b Mesto Šaľa |c 2016 | ||
| 300 | |a 27 s. |b fotogr., plány |c 15 x 21 cm | ||
| 366 | |e 300 výt. | ||
| 500 | |a Názov z obalu | ||
| 546 | |a Súbežný názov a text angl. a maďarsky | ||
| 651 | 7 | |a Šaľa (Slovensko) |2 SNKPHgeo |9 27574 | |
| 651 | 7 | |a Šaľa (Slovakia) |2 SNKPHeng |9 267740 | |
| 655 | 7 | |a informačné publikácie |2 SNKPH |9 70181 | |
| 655 | 7 | |a brožúry |2 SNKPH |9 70146 | |
| 655 | 7 | |a Information publications |2 SNKPHeng |9 265188 | |
| 655 | 7 | |a Brochures |2 SNKPHeng |9 283327 | |
| 700 | 1 | |a Kovács, Juraj, |d 1953- |4 pht |9 38687 | |
| 999 | |c 1106723 |d 1108653 | ||
| 952 | |a SNK |b SNK |y PREZ |7 0 |p 17A1254309 |o snkOSE 5199 |i snk2017/5598 |8 0 |0 0 |1 0 |4 0 |d 2017-03-01 |l 0 |r 2026-02-24 17:48:33 |w 2026-02-24 | ||
| 952 | |a SNK |b SNK |y VYP |7 0 |p 17A1254310 |o snkOSE 5199 D1 |i snk2017/5599 |8 0 |0 0 |1 0 |4 0 |d 2017-03-01 |l 0 |r 2026-02-24 17:48:33 |w 2026-02-24 | ||


